[Event "30. Staufer-Open (A)"]
[Site "?"]
[Date "2018.01.06"]
[Round "9"]
[White "Velicka, Petr"]
[Black "Krassowizkij, Jaroslaw"]
[Result "1/2-1/2"]
[WhiteElo "2429"]
[BlackElo "2433"]
[PlyCount "55"]
[EventDate "2018.??.??"]
[WhiteTeam "SG Schwäbisch Gmünd 1872 e.V"]
[BlackTeam "SV Jedesheim 1921"]

1. Nf3 Nf6 2. c4 e6 3. g3 d5 4. d4 Bb4+ 5. Bd2 Bd6 6. Bg2 O-O 7. O-O c6 8. Qc2
Nbd7 9. Bg5 h6 10. Bxf6 Nxf6 11. Nbd2 b6 12. e4 Be7 13. e5 Nd7 14. cxd5 cxd5
15. Rfc1 Ba6 16. Bf1 Bxf1 17. Nxf1 Rc8 18. Qd2 f6 19. Rxc8 Qxc8 20. Rc1 Qb8 21.
exf6 Nxf6 22. Qe3 Ne4 23. N1d2 Qb7 24. Re1 Bb4 25. Re2 Qf7 26. a3 Bxd2 27. Nxd2
Nxd2 28. Rxd2 1/2-1/2

[Event "30. Staufer-Open (A)"]
[Site "?"]
[Date "2018.01.06"]
[Round "9"]
[White "Naumkin, Igor"]
[Black "Plat, Vojtech"]
[Result "1-0"]
[WhiteElo "2394"]
[BlackElo "2569"]
[PlyCount "75"]
[EventDate "2018.??.??"]
[BlackTeam "SC Weiler im Allgäu e. V."]

1. d4 d5 2. c4 Nc6 3. Nf3 Bg4 4. Qa4 Bxf3 5. exf3 dxc4 6. Be3 e6 7. Bxc4 Bb4+
8. Nc3 Nge7 9. O-O O-O 10. Rad1 Bxc3 11. bxc3 Nd5 12. Qc2 Rb8 13. Bd3 Qh4 14.
Bc1 b5 15. a3 Na5 16. Rfe1 c5 17. g3 Qh5 18. Re5 f5 19. Rxe6 cxd4 20. Re5 Nxc3
21. Bxf5 Rxf5 22. Rxf5 Qe8 23. Bf4 Nxd1 24. Bxb8 Qe1+ 25. Kg2 Nc4 26. Bf4 d3
27. Qxd3 Qh1+ 28. Kxh1 Nxf2+ 29. Kg1 Nxd3 30. Rxb5 Nxf4 31. gxf4 Nxa3 32. Ra5
Nc2 33. Rxa7 Nd4 34. Kf2 Nf5 35. Ke2 Kf8 36. Kd3 h6 37. Ke4 Ne7 38. Rc7 1-0

[Event "30. Staufer-Open (A)"]
[Site "?"]
[Date "2018.01.06"]
[Round "9"]
[White "Skembris, Spyridon"]
[Black "Vorobiov, Evgeny E"]
[Result "0-1"]
[WhiteElo "2387"]
[BlackElo "2547"]
[PlyCount "84"]
[EventDate "2018.??.??"]
[WhiteTeam "SC Grunbach"]
[BlackTeam "SF 90 Spraitbach e.V."]

1. c4 Nf6 2. g3 e6 3. Bg2 d5 4. Nf3 d4 5. b4 Bxb4 6. Qa4+ Nc6 7. Ne5 Rb8 8.
Nxc6 bxc6 9. Bxc6+ Bd7 10. Na3 O-O 11. Nc2 Bxc6 12. Qxc6 Ba5 13. Qf3 e5 14. O-O
Re8 15. e4 d3 16. Ne3 Qd4 17. Ba3 Bxd2 18. Nf5 Qxe4 19. Qxe4 Nxe4 20. Rad1 g6
21. Ne7+ Kg7 22. Kg2 Bg5 23. Nc6 Rb6 24. Nb4 Be7 25. Nd5 Bxa3 26. Rxd3 Bd6 27.
Nxb6 axb6 28. Re1 Nc5 29. Ra3 e4 30. Ra7 Re5 31. Rb1 Rf5 32. Rb2 Rf3 33. Rc2 h5
34. Ra8 Nd3 35. Re2 Bc5 36. Rc8 h4 37. Rxe4 Rxf2+ 38. Kh3 hxg3 39. hxg3 Rxa2
40. Ree8 Bd6 41. Re3 Nf2+ 42. Kh4 Rc2 0-1

[Event "30. Staufer-Open (A)"]
[Site "?"]
[Date "2018.01.06"]
[Round "9"]
[White "Stefansson, Vignir Vatnar"]
[Black "Novikov, Stanislav"]
[Result "0-1"]
[WhiteElo "2304"]
[BlackElo "2540"]
[PlyCount "66"]
[EventDate "2018.??.??"]

1. d4 Nf6 2. c4 g6 3. Nc3 Bg7 4. e4 d6 5. Be2 O-O 6. Be3 Na6 7. g4 c5 8. d5 Nc7
9. h4 b5 10. cxb5 a6 11. g5 Nd7 12. a4 axb5 13. axb5 Rxa1 14. Qxa1 e6 15. b6
Nxb6 16. Qa5 exd5 17. Qxb6 d4 18. Bd2 dxc3 19. Bxc3 Bxc3+ 20. bxc3 Qe7 21. f3
d5 22. Qf6 Qxf6 23. gxf6 dxe4 24. fxe4 Re8 25. Nf3 Rxe4 26. Kf2 Nd5 27. Ng5
Rf4+ 28. Kg3 Rxf6 29. Ne4 Re6 30. Bf3 Nf6 31. Nxc5 Re3 32. c4 Rc3 33. Rd1 Rxf3+
0-1

[Event "30. Staufer-Open (A)"]
[Site "?"]
[Date "2018.01.06"]
[Round "9"]
[White "Noe, Christopher"]
[Black "Kantor, Gergely"]
[Result "1/2-1/2"]
[WhiteElo "2474"]
[BlackElo "2518"]
[PlyCount "60"]
[EventDate "2018.??.??"]
[WhiteTeam "SC Eppingen"]

1. d4 Nf6 2. c4 e6 3. Nc3 Bb4 4. Qc2 O-O 5. a3 Bxc3+ 6. Qxc3 b6 7. Bg5 Bb7 8.
e3 d6 9. f3 h6 10. Bh4 Nbd7 11. Bd3 c5 12. Ne2 Rc8 13. O-O Ba6 14. Qb3 d5 15.
Qa4 cxd4 16. Bxf6 gxf6 17. exd4 Bxc4 18. Bxc4 Rxc4 19. Qxa7 Nb8 20. Rac1 Nc6
21. Qb7 Nxd4 22. Nxd4 Rxd4 23. Rc6 Rd2 24. Rf2 Rd1+ 25. Rf1 Rd2 26. Rf2 Rxf2
27. Kxf2 f5 28. Qxb6 Qh4+ 29. Kf1 d4 30. g3 Qxh2 1/2-1/2

[Event "30. Staufer-Open (A)"]
[Site "?"]
[Date "2018.01.06"]
[Round "9"]
[White "Henrich, Thomas"]
[Black "Kjartansson, Gudmundur"]
[Result "0-1"]
[WhiteElo "2240"]
[BlackElo "2438"]
[PlyCount "100"]
[EventDate "2018.??.??"]
[WhiteTeam "SK Marburg 1931/72"]

1. e4 c6 2. d4 d5 3. Nd2 dxe4 4. Nxe4 Bf5 5. Ng3 Bg6 6. h4 h6 7. Nf3 e6 8. h5
Bh7 9. Bd3 Bxd3 10. Qxd3 Nf6 11. Bd2 Be7 12. O-O-O O-O 13. Ne4 Nxe4 14. Qxe4
Qd5 15. Qxd5 cxd5 16. Bf4 Nc6 17. Kb1 b5 18. Rh3 f6 19. Rg3 Kf7 20. Nh4 Rfc8
21. Ng6 b4 22. Re3 a5 23. Bg3 Ra6 24. Nf4 Nd8 25. Rde1 Rc4 26. Nxd5 Rxd4 27.
Nf4 Rc6 28. Nd3 Bd6 29. Bxd6 Rcxd6 30. f3 e5 31. Re4 Ne6 32. Kc1 Ng5 33. R4e3
Rh4 34. g4 Ne6 35. c3 bxc3 36. bxc3 Rh2 37. a4 Ra2 38. Nb2 Rb6 39. Nc4 Rb8 40.
Nxa5 Rxa4 41. Nc6 Rc8 42. Nxe5+ fxe5 43. Rxe5 Rxc3+ 44. Kd2 Rc6 45. Rf5+ Ke7
46. f4 Rd4+ 47. Ke3 Rcc4 48. Ra1 Re4+ 49. Kd2 Rcd4+ 50. Kc3 Rxf4 0-1

[Event "30. Staufer-Open (A)"]
[Site "?"]
[Date "2018.01.06"]
[Round "9"]
[White "Miezis, Normunds"]
[Black "Hecht, Carsten"]
[Result "1-0"]
[WhiteElo "2434"]
[BlackElo "2232"]
[PlyCount "69"]
[EventDate "2018.??.??"]
[WhiteTeam "SC Emmendingen 1937 e.V."]
[BlackTeam "LSV Turm Lippstadt"]

1. c4 Nf6 2. Nc3 d5 3. cxd5 Nxd5 4. g3 g6 5. Bg2 Nxc3 6. bxc3 Bg7 7. h4 h6 8.
Qb3 Nc6 9. d4 O-O 10. Nf3 Na5 11. Qb4 c6 12. O-O Be6 13. Bf4 Bd5 14. Rfe1 e6
15. e4 Bc4 16. Rad1 Re8 17. Ne5 Ba6 18. d5 Qb6 19. Nd7 Qxb4 20. cxb4 Nc4 21.
dxc6 e5 22. Bc1 Rec8 23. cxb7 Bxb7 24. Bf1 Nb6 25. Nc5 Bc6 26. Ba6 Rc7 27. Be3
Bf8 28. Rc1 Be8 29. a3 Rd8 30. Red1 Rxd1+ 31. Rxd1 Nd7 32. Nxd7 Bxd7 33. Rc1
Rxc1+ 34. Bxc1 Bd6 35. Bxh6 1-0

[Event "30. Staufer-Open (A)"]
[Site "?"]
[Date "2018.01.06"]
[Round "9"]
[White "Chudinovskikh, Alexander M"]
[Black "Kraus, Tomas"]
[Result "0-1"]
[WhiteElo "2225"]
[BlackElo "2426"]
[PlyCount "108"]
[EventDate "2018.??.??"]

1. d4 d5 2. Bf4 Nf6 3. e3 e6 4. Nd2 c5 5. Ngf3 Nc6 6. c3 cxd4 7. exd4 Nh5 8.
Bg5 f6 9. Be3 Bd6 10. g3 O-O 11. Bg2 f5 12. Nb3 f4 13. Bd2 Qe8 14. O-O Nf6 15.
Nc1 Ne4 16. Nd3 g5 17. Nfe5 Bxe5 18. Bxe4 dxe4 19. Nxe5 Nxe5 20. dxe5 Bd7 21.
Qg4 Qg6 22. h4 Rf5 23. gxf4 gxf4 24. Qxg6+ hxg6 25. Kh2 Kf7 26. Rg1 Rh8 27. Rg4
g5 28. c4 Bc6 29. Rag1 e3 30. fxe3 Bf3 31. e4 Bxe4 32. Kh3 Rd8 33. Bc3 Rd3+ 34.
Kh2 Re3 35. Re1 Rxe1 36. Bxe1 Rxe5 37. Bc3 Rf5 38. Rxg5 Rxg5 39. hxg5 Kg6 40.
Bf6 Kf5 41. Bd8 Bc6 42. Kg1 e5 43. Bc7 Be8 44. b4 e4 45. b5 Kxg5 46. a4 e3 47.
a5 f3 48. Bg3 Kg4 49. Be1 Bd7 50. a6 bxa6 51. bxa6 Bc8 52. Bc3 Bxa6 53. Bd4 f2+
54. Kg2 Bxc4 0-1

[Event "30. Staufer-Open (A)"]
[Site "?"]
[Date "2018.01.06"]
[Round "9"]
[White "Michalczak, Thomas"]
[Black "Zeller, Frank"]
[Result "1/2-1/2"]
[WhiteElo "2208"]
[BlackElo "2379"]
[PlyCount "74"]
[EventDate "2018.??.??"]
[WhiteTeam "Schachgesellschaft Solingen e.V."]
[BlackTeam "SK Schwäbisch Hall"]

1. e4 c5 2. Nf3 d6 3. d4 cxd4 4. Nxd4 Nf6 5. Nc3 a6 6. f3 e5 7. Nb3 Be6 8. Be3
Nbd7 9. Qd2 b5 10. g4 b4 11. Na4 h6 12. O-O-O Rb8 13. Qd3 Be7 14. Qxa6 O-O 15.
Rxd6 Bxd6 16. Qxd6 Ra8 17. Qxb4 Qc7 18. Nc3 Rfc8 19. Kb1 Ne8 20. Bd3 Nd6 21.
Nd5 Bxd5 22. exd5 Rcb8 23. Qd2 Nb6 24. Bc5 Na4 25. Bxd6 Qxd6 26. c4 Nc5 27. Nc1
Rb7 28. Bc2 Qf6 29. Qc3 Rab8 30. Bb3 Qg6+ 31. Qc2 Qa6 32. Re1 Ra7 33. Qc3 f6
34. h4 Re8 35. Bc2 Rb7 36. g5 h5 37. gxf6 Qxf6 1/2-1/2

[Event "30. Staufer-Open (A)"]
[Site "?"]
[Date "2018.01.06"]
[Round "9"]
[White "Wenninger, Philipp"]
[Black "Weber, Samuel"]
[Result "1-0"]
[WhiteElo "2349"]
[BlackElo "2176"]
[PlyCount "81"]
[EventDate "2018.??.??"]
[WhiteTeam "SC Erlangen 48/88"]
[BlackTeam "SV Oberursel"]

1. d4 d5 2. c4 Nc6 3. Nf3 Bg4 4. e3 e5 5. Qb3 Bxf3 6. gxf3 Nge7 7. Nc3 exd4 8.
Nxd5 Rb8 9. Bd2 b5 10. Nxe7 Bxe7 11. cxb5 Ne5 12. exd4 Qxd4 13. O-O-O O-O 14.
Qc3 Qxc3+ 15. Bxc3 Nxf3 16. Be2 Ng5 17. Rhg1 g6 18. Rd7 Rfe8 19. Bc4 Ne4 20.
Re1 Bg5+ 21. Kc2 Nd6 22. Rxe8+ Rxe8 23. Bd3 Re7 24. Rd8+ Re8 25. Rxe8+ Nxe8 26.
Bd4 Bf4 27. h3 Nd6 28. Bxa7 Nc8 29. Bc5 Nb6 30. b3 Nd7 31. Bd4 Bd6 32. Kc3 Nb6
33. Be4 f5 34. Bc6 Ba3 35. b4 Bc1 36. Kb3 Bf4 37. a4 Nxa4 38. Kxa4 Kf7 39. b6
cxb6 40. Bxb6 g5 41. Be3 1-0

[Event "30. Staufer-Open (A)"]
[Site "?"]
[Date "2018.01.06"]
[Round "9"]
[White "Sinz, Bernhard"]
[Black "Kölle, Tobias"]
[Result "1-0"]
[WhiteElo "2400"]
[BlackElo "2146"]
[PlyCount "57"]
[EventDate "2018.??.??"]
[WhiteTeam "TG Biberach"]
[BlackTeam "TSV Schönaich"]

1. e4 e5 2. f4 exf4 3. Nf3 d6 4. d4 g5 5. Nc3 Bg7 6. g3 g4 7. Nh4 f3 8. Be3 Nc6
9. Qd2 Bd7 10. O-O-O Nce7 11. h3 h5 12. Kb1 c6 13. Bf4 Ng6 14. Nxg6 fxg6 15.
Bxd6 Be6 16. e5 Ne7 17. Qg5 Kf7 18. hxg4 hxg4 19. Rxh8 Bxh8 20. Bd3 Nf5 21.
Qxg4 Kg7 22. Rf1 Qe8 23. Bxf5 Bxf5 24. Qxf3 Qe6 25. Qf4 Kg8 26. Nd1 Bxc2+ 27.
Kxc2 Qxa2 28. Nc3 Qc4 29. d5 1-0

[Event "30. Staufer-Open (A)"]
[Site "?"]
[Date "2018.01.06"]
[Round "9"]
[White "Hentrich, Johannes"]
[Black "Höglauer, Patrick"]
[Result "1/2-1/2"]
[WhiteElo "2181"]
[BlackElo "2343"]
[PlyCount "48"]
[EventDate "2018.??.??"]
[BlackTeam "SC Grunbach"]

1. e4 c5 2. Nf3 e6 3. d4 cxd4 4. Nxd4 Nc6 5. Nc3 Qc7 6. Be3 Nf6 7. a3 a6 8. Be2
Be7 9. f4 d6 10. O-O Bd7 11. Kh1 Rc8 12. Qe1 O-O 13. Nxc6 Bxc6 14. Bd3 Rfd8 15.
Bd4 e5 16. Be3 d5 17. fxe5 Qxe5 18. Bf4 Qe6 19. exd5 Nxd5 20. Qxe6 fxe6 21.
Nxd5 Bxd5 22. Be5 Bc4 23. Bxc4 Rxc4 24. Rf2 Bf6 1/2-1/2

[Event "30. Staufer-Open (A)"]
[Site "?"]
[Date "2018.01.06"]
[Round "9"]
[White "Suvorov, Alexander"]
[Black "Schitco, Ivan"]
[Result "0-1"]
[WhiteElo "2145"]
[BlackElo "2334"]
[PlyCount "82"]
[EventDate "2018.??.??"]
[WhiteTeam "Schachgemeinschaft Porz e.V."]

1. d4 Nf6 2. c4 c5 3. d5 e6 4. Nc3 exd5 5. cxd5 d6 6. e4 g6 7. Nf3 Bg7 8. h3
O-O 9. Bd3 Nh5 10. O-O Nd7 11. g4 Nhf6 12. Bf4 Ne8 13. Qd2 a6 14. a4 Qe7 15.
Bg3 Rb8 16. Rfe1 f6 17. a5 Ne5 18. Kg2 Nxf3 19. Kxf3 b5 20. axb6 Rxb6 21. Kg2
Qb7 22. Ra2 Kh8 23. f3 Qf7 24. Qe2 f5 25. gxf5 gxf5 26. Bxa6 Rxa6 27. Rxa6 f4
28. Bf2 Rg8 29. Kh2 Qh5 30. Qf1 Qxf3 31. Raa1 Be5 32. Ne2 Qh5 33. Ra3 Nf6 34.
Kh1 f3 35. h4 Rg2 36. Ra8 Rh2+ 37. Kg1 Qg4+ 38. Bg3 Bxg3 39. Rxc8+ Kg7 40. Rc7+
Kg6 41. h5+ Nxh5 0-1

[Event "30. Staufer-Open (A)"]
[Site "?"]
[Date "2018.01.06"]
[Round "9"]
[White "Gheng, Josef"]
[Black "Jansen, Dirk Norbert"]
[Result "1-0"]
[WhiteElo "2334"]
[BlackElo "2180"]
[PlyCount "45"]
[EventDate "2018.??.??"]
[WhiteTeam "SK Wernau"]
[BlackTeam "Schachvereinigung 1920 Plettenbe"]

1. e4 Nc6 2. f4 d5 3. exd5 Qxd5 4. Nc3 Qa5 5. a3 Nf6 6. Bb5 Bd7 7. Nf3 a6 8.
Ba4 e6 9. b4 Qh5 10. O-O Bd6 11. Ne2 h6 12. Bb2 b5 13. Bb3 Ne7 14. Ng3 Qg4 15.
Ne5 Qxd1 16. Raxd1 c5 17. bxc5 Bxc5+ 18. d4 Bb6 19. f5 Ned5 20. Rde1 Bc8 21.
Bxd5 Nxd5 22. fxe6 Bxe6 23. Nxf7 1-0

[Event "30. Staufer-Open (A)"]
[Site "?"]
[Date "2018.01.06"]
[Round "9"]
[White "Buckels, Valentin"]
[Black "Adocchio, Giampiero"]
[Result "1-0"]
[WhiteElo "2332"]
[BlackElo "2138"]
[PlyCount "105"]
[EventDate "2018.??.??"]
[WhiteTeam "Schachverein Mülheim-Nord 1931 e"]
[BlackTeam "Mosbacher SC von 1931"]

1. c4 Nf6 2. Nf3 c5 3. Nc3 e6 4. g3 b6 5. Bg2 Bb7 6. O-O Be7 7. Re1 d5 8. cxd5
Nxd5 9. d3 O-O 10. Bd2 Nc6 11. a3 Qd7 12. Qa4 Rfd8 13. Rad1 Nxc3 14. Bxc3 Nd4
15. Qxd7 Nxf3+ 16. Bxf3 Rxd7 17. Bxb7 Rxb7 18. a4 Rd7 19. f4 f5 20. Kf2 Kf7 21.
Kf3 Bf6 22. h3 Rad8 23. Rc1 Ke7 24. g4 Bxc3 25. bxc3 c4 26. d4 Rd5 27. Rb1 Ra5
28. Rb4 Rc8 29. e4 g6 30. exf5 gxf5 31. g5 Kd6 32. h4 Ke7 33. h5 Kf7 34. Re5
Rd5 35. Kg3 Rc6 36. Kh4 a6 37. Rb1 Rcd6 38. Rb4 Rc6 39. Re1 Rdd6 40. Rg1 Kg7
41. Rb2 Rd5 42. Rgb1 Rdd6 43. Re1 Kf7 44. Rbe2 Rc7 45. Re5 Rcc6 46. R1e2 Rd7
47. h6 Rdd6 48. Kh5 Rd7 49. Re1 Rdd6 50. Rg1 Rd5 51. g6+ hxg6+ 52. Rxg6 Rxe5
53. Rg7+ 1-0

[Event "30. Staufer-Open (A)"]
[Site "?"]
[Date "2018.01.06"]
[Round "9"]
[White "Brem, Stephan"]
[Black "Kostic, Vladimir"]
[Result "0-1"]
[WhiteElo "2113"]
[BlackElo "2326"]
[PlyCount "92"]
[EventDate "2018.??.??"]
[WhiteTeam "Schachklub München Südost e.V."]
[BlackTeam "Schachklub München Südost e.V."]

1. Nc3 d6 2. e4 e5 3. Bc4 Nf6 4. d3 c6 5. f4 exf4 6. Nf3 d5 7. exd5 cxd5 8.
Bb5+ Nc6 9. Qe2+ Be7 10. Bxf4 d4 11. Ne4 O-O 12. Nxf6+ Bxf6 13. O-O Qb6 14. a4
Be6 15. Bg5 Bd8 16. b3 Bd5 17. Qd2 Qc5 18. Bf4 Ba5 19. Qf2 Bc3 20. Bxc6 Bxc6
21. Rad1 Rae8 22. Qg3 Re6 23. Ne5 Rfe8 24. Nxc6 Qxc6 25. h3 Bb4 26. Qf3 Qxf3
27. Rxf3 Re2 28. Rf2 Rxf2 29. Kxf2 Rc8 30. Rc1 f6 31. c4 dxc3 32. Rc2 a6 33.
Ke3 g5 34. Bg3 Re8+ 35. Kd4 b5 36. h4 h6 37. hxg5 hxg5 38. axb5 axb5 39. Bc7
Rc8 40. Bb6 Rc6 41. Ba7 Rc7 42. Bb6 Rb7 43. Bc5 Rd7+ 44. Ke4 Bxc5 45. Rxc3 Rd4+
46. Kf5 Kf7 0-1

[Event "30. Staufer-Open (A)"]
[Site "?"]
[Date "2018.01.06"]
[Round "9"]
[White "Wichmann, Cliff"]
[Black "Hahn, Florian"]
[Result "1-0"]
[WhiteElo "2314"]
[BlackElo "2136"]
[PlyCount "61"]
[EventDate "2018.??.??"]
[WhiteTeam "ESV Nickelhütte Aue"]
[BlackTeam "SJ Herborn 1998"]

1. d4 Nf6 2. c4 g6 3. h4 Bg7 4. Nc3 d5 5. h5 Nxh5 6. cxd5 Nf6 7. e4 c6 8. dxc6
O-O 9. Nf3 Nxc6 10. d5 Nb8 11. Bg5 Qa5 12. Qd2 Rd8 13. Be2 Bg4 14. O-O Nc6 15.
Qe3 Bxf3 16. Bxf3 Ne5 17. Bd1 Rac8 18. Bb3 Nc4 19. Bxc4 Rxc4 20. Rad1 Qb4 21.
Bxf6 Bxf6 22. e5 Bg7 23. e6 Bxc3 24. exf7+ Kxf7 25. bxc3 Qxc3 26. Qe6+ Kf8 27.
d6 Rxd6 28. Rxd6 exd6 29. Re1 Qd4 30. Qe7+ Kg8 31. Qd7 1-0

[Event "30. Staufer-Open (A)"]
[Site "?"]
[Date "2018.01.06"]
[Round "9"]
[White "Arnold, Max"]
[Black "Hönick, Andreas"]
[Result "1/2-1/2"]
[WhiteElo "2286"]
[BlackElo "2112"]
[PlyCount "99"]
[EventDate "2018.??.??"]
[WhiteTeam "SK 1926 Ettlingen"]
[BlackTeam "SG Schwäbisch Gmünd 1872 e.V"]

1. e4 c5 2. c3 Nf6 3. e5 Nd5 4. d4 cxd4 5. Nf3 Nc6 6. cxd4 d6 7. Bc4 Nb6 8. Bb5
dxe5 9. Nxe5 Bd7 10. Nxd7 Qxd7 11. Nc3 Rd8 12. O-O e6 13. Qh5 Be7 14. Rd1 Nd5
15. Qg4 Kf8 16. Be3 h5 17. Qf3 g6 18. Rac1 Kg7 19. Nxd5 exd5 20. Rc3 Rc8 21.
Rdc1 Rhe8 22. a3 Bf8 23. h3 Re6 24. Ba4 Be7 25. b4 a6 26. Bb3 Rd8 27. Rd1 Rf6
28. Qg3 Re6 29. Qf3 Rf6 30. Qg3 Re6 31. Ba2 Bd6 32. Qf3 Be7 33. Qe2 Re4 34. Qd2
Re6 35. Bb3 Nxb4 36. axb4 Bxb4 37. Qd3 Bxc3 38. Qxc3 Rc6 39. Qd2 Rdc8 40. Bf4
Rc3 41. Qa2 Qf5 42. Bd2 R3c6 43. Bxd5 Rc2 44. Qb3 Rxd2 45. Rxd2 Rc1+ 46. Kh2
Qf4+ 47. Qg3 Qxd2 48. Qe5+ Kf8 49. Qd6+ Kg7 50. Qe5+ 1/2-1/2

[Event "30. Staufer-Open (A)"]
[Site "?"]
[Date "2018.01.06"]
[Round "9"]
[White "Karimi, Farhad"]
[Black "Hahn, Markus"]
[Result "0-1"]
[WhiteElo "2087"]
[BlackElo "2282"]
[PlyCount "90"]
[EventDate "2018.??.??"]
[WhiteTeam "Satranç Club 2000 e.V."]
[BlackTeam "Kasseler SK 1876"]

1. d4 f5 2. c4 Nf6 3. Nc3 e6 4. f3 Bb4 5. Bd2 Nh5 6. Nh3 Qh4+ 7. g3 Qxd4 8. e3
Qb6 9. Qc2 Nf6 10. Nf4 d6 11. O-O-O Na6 12. Bh3 Nc5 13. a3 Bxa3 14. Nb5 Bxb2+
15. Qxb2 e5 16. Qa3 a6 17. Bc3 O-O 18. Nd3 axb5 19. Qxa8 Na6 20. c5 Nxc5 21.
Nxc5 Qxc5 22. Qa2+ Kh8 23. Kb2 Qxe3 24. Rhf1 Re8 25. Qb3 Qb6 26. Qb4 Be6 27.
Qa5 Qc6 28. Rfe1 b6 29. Qb4 Nd5 30. Rxd5 Qxd5 31. Ra1 Qc5 32. Qxc5 bxc5 33. Ba5
Rc8 34. Bf1 c4 35. Rd1 d5 36. f4 e4 37. Bc3 c5 38. Be5 d4 39. Ra1 Kg8 40. Ra7
Bf7 41. g4 fxg4 42. Bg2 e3 43. Kc2 c3 44. Kd1 Bb3+ 45. Ke1 c2 0-1

[Event "30. Staufer-Open (A)"]
[Site "?"]
[Date "2018.01.06"]
[Round "9"]
[White "Weiß, Oliver"]
[Black "Nazarova, Anastasia"]
[Result "1-0"]
[WhiteElo "2280"]
[BlackElo "2033"]
[PlyCount "65"]
[EventDate "2018.??.??"]
[WhiteTeam "TG Biberach"]

1. d4 d5 2. Bf4 Nf6 3. e3 c5 4. Nc3 e6 5. Nb5 Na6 6. c3 Be7 7. h3 O-O 8. Nf3
Bd7 9. a4 Bxb5 10. axb5 Nb8 11. Be2 Nbd7 12. O-O Qb6 13. Ra2 c4 14. b3 Qxb5 15.
Nd2 Rfc8 16. Qa1 a5 17. Rb1 Qa6 18. bxc4 dxc4 19. Rab2 b6 20. Rb5 Nd5 21. Bf3
N7f6 22. Be5 Bd8 23. e4 Nb4 24. Qa4 Nd3 25. Bg3 Ra7 26. Nxc4 Nb4 27. Be2 Nxe4
28. Rxa5 b5 29. Rxa6 bxa4 30. Rxa7 Nxc3 31. Rxb4 Nxe2+ 32. Kh2 Nxd4 33. Rbxa4
1-0

[Event "30. Staufer-Open (A)"]
[Site "?"]
[Date "2018.01.06"]
[Round "9"]
[White "Namyslo, Holger"]
[Black "Englert, Jon"]
[Result "1/2-1/2"]
[WhiteElo "2278"]
[BlackElo "2006"]
[PlyCount "80"]
[EventDate "2018.??.??"]
[WhiteTeam "TG Biberach"]
[BlackTeam "TV-Großostheim 1900 e.V."]

1. e4 g6 2. d4 Bg7 3. Nf3 d6 4. Bc4 e6 5. O-O Nd7 6. Re1 Ne7 7. c3 O-O 8. Bf4
a6 9. Nbd2 b5 10. Bb3 Nb6 11. Qe2 Bb7 12. Rad1 Nc6 13. h3 Re8 14. e5 Na5 15.
Bg5 Qd7 16. Ne4 Bxe4 17. Qxe4 Nxb3 18. axb3 h6 19. Bc1 d5 20. Qe3 Nc8 21. b4 a5
22. bxa5 Rxa5 23. Nd2 c6 24. Nb3 Ra2 25. Nc5 Qa7 26. Nd3 Qb7 27. g4 Nb6 28. Qg3
Qd7 29. Qh4 Kh7 30. Rf1 Ra7 31. f4 Qe7 32. Qg3 Rg8 33. Kh1 Nd7 34. Be3 Ra6 35.
Rf3 f5 36. Rg1 Bf8 37. gxf5 exf5 38. Qg2 Qe6 39. h4 h5 40. Kh2 Be7 1/2-1/2

[Event "30. Staufer-Open (A)"]
[Site "?"]
[Date "2018.01.06"]
[Round "9"]
[White "Reichel, Jonathan"]
[Black "Jurek, Josef"]
[Result "0-1"]
[WhiteElo "2093"]
[BlackElo "2260"]
[PlyCount "72"]
[EventDate "2018.??.??"]
[WhiteTeam "SK 1926 Ettlingen"]
[BlackTeam "SG Schwäbisch Gmünd 1872 e.V"]

1. e4 e6 2. d3 d5 3. Qe2 Nf6 4. Nf3 Be7 5. g3 b5 6. Bg2 b4 7. e5 Nfd7 8. a3 c5
9. axb4 cxb4 10. O-O Nc6 11. h4 a5 12. b3 Ba6 13. Bb2 O-O 14. Re1 Qb6 15. Nbd2
Bb5 16. Nf1 a4 17. bxa4 Bxa4 18. Ne3 Bc5 19. Nxd5 exd5 20. e6 Nf6 21. exf7+
Rxf7 22. Ng5 Nd4 23. Bxd4 Bxd4 24. Rxa4 Rxa4 25. Nxf7 Kxf7 26. Qe7+ Kg6 27. h5+
Kh6 28. Re6 Ra7 29. Qe8 Qc7 30. Qf8 Qxc2 31. Qd6 Qxf2+ 32. Kh2 Ra1 33. Rxf6+
Qxf6 34. Qxd5 Qe5 35. Qc6+ g6 36. Bf3 Bf2 0-1

[Event "30. Staufer-Open (A)"]
[Site "?"]
[Date "2018.01.06"]
[Round "9"]
[White "Kuipers, Dustin"]
[Black "Kersten, Uwe"]
[Result "1/2-1/2"]
[WhiteElo "2048"]
[BlackElo "2247"]
[PlyCount "21"]
[EventDate "2018.??.??"]
[WhiteTeam "Schachverein Mülheim-Nord 1931 e"]
[BlackTeam "Kasseler SK 1876"]

1. Nf3 g6 2. c4 Bg7 3. Nc3 d6 4. d4 Nf6 5. g3 O-O 6. Bg2 Nbd7 7. O-O e5 8. e3
Re8 9. b3 c6 10. Bb2 a6 11. Rc1 1/2-1/2

[Event "30. Staufer-Open (A)"]
[Site "?"]
[Date "2018.01.06"]
[Round "9"]
[White "Golovkina, Anastasia"]
[Black "Weiss, Andreas"]
[Result "1-0"]
[WhiteElo "2019"]
[BlackElo "2209"]
[PlyCount "69"]
[EventDate "2018.??.??"]
[BlackTeam "SG Schwäbisch Gmünd 1872 e.V"]

1. e4 c5 2. Nf3 e6 3. d4 cxd4 4. Nxd4 a6 5. Bd3 Nf6 6. O-O d6 7. c4 Be7 8. Nc3
Qc7 9. Be3 b6 10. Rc1 Bb7 11. b3 Nbd7 12. f3 Rc8 13. Qd2 O-O 14. Rfd1 Rfe8 15.
Bf1 Qb8 16. Qf2 Bd8 17. h3 Bc7 18. a3 d5 19. cxd5 Bh2+ 20. Kh1 Rxc3 21. Rxc3
exd5 22. Rcc1 Bg3 23. Qd2 dxe4 24. f4 Nh5 25. Ne2 Nc5 26. Bxc5 bxc5 27. Rxc5
Bxf4 28. Nxf4 Nxf4 29. Qd7 Ne6 30. Rf5 Rf8 31. Rxf7 Rxf7 32. Qxe6 Kf8 33. Bc4
Qe8 34. Qxf7+ Qxf7 35. Bxf7 1-0

[Event "30. Staufer-Open (A)"]
[Site "?"]
[Date "2018.01.06"]
[Round "9"]
[White "Dietz, Florian"]
[Black "Neukirchner, Pascal"]
[Result "0-1"]
[WhiteElo "1997"]
[BlackElo "2198"]
[PlyCount "84"]
[EventDate "2018.??.??"]
[WhiteTeam "Reideburger SV 90 Halle"]
[BlackTeam "SK Gründau"]

1. e4 c5 2. Nf3 g6 3. d4 cxd4 4. Nxd4 Bg7 5. Nc3 Nc6 6. Be3 Nf6 7. Bc4 O-O 8.
Bb3 Re8 9. O-O d6 10. h3 Na5 11. f4 b6 12. Qd3 Nxb3 13. axb3 Bb7 14. Nf3 Nh5
15. Kh2 e5 16. fxe5 dxe5 17. Qb5 Nf6 18. Ra4 Re6 19. Rd1 Qc8 20. Ng5 Rc6 21.
Qd3 h6 22. Nf3 a6 23. Rc4 b5 24. Rxc6 Qxc6 25. Nd5 Nxd5 26. exd5 Qd6 27. Kh1 f5
28. Qd2 f4 29. Bg1 e4 30. Nd4 e3 31. Qd3 Qxd5 32. Qxg6 Rd8 33. Rd3 Qxg2+ 34.
Qxg2 Bxg2+ 35. Kxg2 Rxd4 36. Rxd4 Bxd4 37. c3 e2 38. Bf2 Bxf2 39. Kxf2 f3 40.
b4 Kf7 41. b3 Ke6 42. c4 bxc4 0-1

[Event "30. Staufer-Open (B)"]
[Site "?"]
[Date "2018.01.06"]
[Round "9"]
[White "Dangelmayer, Frank"]
[Black "Steiglechner, Julius"]
[Result "0-1"]
[WhiteElo "1974"]
[BlackElo "1895"]
[PlyCount "120"]
[EventDate "2018.??.??"]
[WhiteTeam "SV Friedrichshafen"]
[BlackTeam "SK Horb"]

1. e4 e6 2. d4 d5 3. Nc3 Bb4 4. a3 Bxc3+ 5. bxc3 Ne7 6. e5 c5 7. f4 b6 8. Bb5+
Bd7 9. Bd3 Ba4 10. Be3 cxd4 11. cxd4 Nbc6 12. Nf3 Rc8 13. O-O Na5 14. Nd2 O-O
15. Rf3 f5 16. exf6 Rxf6 17. f5 exf5 18. Bg5 Rf7 19. Rxf5 Qf8 20. Bxe7 Qxe7 21.
Qg4 Bd7 22. Nf3 Rcf8 23. Re1 Bxf5 24. Bxf5 Qxe1+ 25. Nxe1 Rxf5 26. Nf3 Nc4 27.
Qg3 h6 28. h3 Kh7 29. Qc7 R8f7 30. Qc6 R7f6 31. Qb7 a5 32. Ne5 Nxe5 33. dxe5
Rxe5 34. Qa6 h5 35. Qd3+ g6 36. Qc3 Ree6 37. Qd4 Rd6 38. c4 dxc4 39. Qxc4 Kg7
40. Qc7+ Kf8 41. Kh2 Ke8 42. Kg3 Rfe6 43. Kh4 Rd7 44. Qc4 Red6 45. Kg5 Kd8 46.
g4 hxg4 47. hxg4 Rc7 48. Qe4 Rc5+ 49. Kf4 Rdc6 50. Qd4+ Kc7 51. Qg7+ Kb8 52.
Qe7 g5+ 53. Ke4 Rc7 54. Qe6 Ka7 55. Qd6 Rc4+ 56. Kd3 Ka6 57. Kd2 R7c6 58. Qd5
R4c5 59. Qd8 Kb5 60. Qd4 Ka6 0-1